Finish the Great Songs! (Part 7) - Statistics

General Stats
  • This quiz has been taken 303 times
  • The average score is 7 of 15
Answer Stats
Hint Answer % Correct
(The Lovin' Spoonful) Do You ? In Magic Believe
87%
(Bee Gees) Stayin' ? Alive
86%
(Boston) More ? A Feeling Than
83%
(Bruce Springsteen) Dancing In The ? Dark
61%
(Charles & Eddie) Would I ? To You Lie
61%
(Billy Idol) White ? Wedding
59%
(Blondie) The ? Is High Tide
58%
(Blink 182) All The ? Things Small
57%
(Tom Jones) It's Not ? Unusual
48%
(Barry Manilow) Could It Be ? Magic
33%
(Belinda Carlisle) ? In The Sand Circle
16%
(Andy Williams) The ? Dream Impossible
15%
(Sean Paul) She Doesn't ? Mind
13%
(Beautiful South) Don't ? Her Marry
10%
(Randy Newman) Strange ? Things
7%
No matching quizzes found
Score Distribution
Percent of People with Each Score
Percentile by Number Answered
Your Score History
You have not taken this quiz